| 000 | 00809nam a22001577a 4500 | ||
|---|---|---|---|
| 003 | OSt | ||
| 005 | 20150915141511.0 | ||
| 008 | 150915b xxu||||| |||| 00| 0 eng d | ||
| 040 | _cRUA | ||
| 082 | _aAGR SAN 2002 B028 Or.1 | ||
| 100 |
_9517 _aSAN, SONA. |
||
| 245 | _aComparing effect of four chemical fertilizers containing the same N: 18 on cucumber yield component at royal university of agriculture ប្រៀបធៀបឥទ្ធិពលជីគីមី ៤ប្រភេទដែលមានអត្រាអាសូត១៨ ដូចគ្នាទៅលើសមាសភាគទិន្នផលត្រសក់នៅសកលវិទ្យាល័យភូមិន្ទកសិកម្ម | ||
| 260 |
_aPhnom Penh _bRUA _c2002 |
||
| 300 |
_a50p. _bill. _c29cm. |
||
| 942 |
_2ddc _cAGR |
||
| 999 |
_c497 _d497 |
||